| 000 | 01452nam a2200373Ia 4500 | ||
|---|---|---|---|
| 001 | ebr10533445 | ||
| 003 | CaPaEBR | ||
| 006 | m u | ||
| 007 | cr cn||||||||| | ||
| 008 | 041007s2005 ilu sb 001 0 eng d | ||
| 010 | _z 2004023676 | ||
| 020 | _z9780252029752 | ||
| 020 | _z9780252090400 | ||
| 020 | _z0252029755 | ||
| 040 |
_aCaPaEBR _cCaPaEBR |
||
| 035 | _a(OCoLC)785782150 | ||
| 050 | 1 | 4 |
_aKF2750 _b.A9395 2005eb |
| 082 | 0 | 4 |
_a343.7309/98 _222 |
| 100 | 1 |
_aAllen, David S., _d1955- |
|
| 245 | 1 | 0 |
_aDemocracy, Inc _h[electronic resource] : _bthe press and law in the corporate rationalization of the public sphere / _cDavid S. Allen. |
| 246 | 3 | _aDemocracy, incorporated | |
| 260 |
_aUrbana : _bUniversity of Illinois Press, _cc2005. |
||
| 300 | _axi, 200 p. | ||
| 490 | 1 | _aThe history of communication | |
| 504 | _aIncludes bibliographical references (p. [161]-194) and index. | ||
| 533 |
_aElectronic reproduction. _bPalo Alto, Calif. : _cebrary, _d2013. _nAvailable via World Wide Web. _nAccess may be limited to ebrary affiliated libraries. |
||
| 650 | 0 |
_aPress law _zUnited States. |
|
| 650 | 0 |
_aCorporate state _zUnited States. |
|
| 650 | 0 |
_aDemocracy _zUnited States. |
|
| 655 | 7 |
_aElectronic books. _2local |
|
| 710 | 2 | _aebrary, Inc. | |
| 830 | 0 | _aHistory of communication. | |
| 856 | 4 | 0 |
_uhttp://site.ebrary.com/lib/rucke/Doc?id=10533445 _zAn electronic book accessible through the World Wide Web; click to view |
| 999 |
_c235210 _d235210 |
||